African renaissance

Detalles Bibliográficos
Formato: Electrónico Revista
Lenguaje:inglés
Publicado: London : Adonis & Abbey, ©2004-
Materias:
Acceso en línea:Full text available from Research Library: 01/01/2016 to present

MARC

LEADER 00000nas a2200000 a 4500
001 ssj0000547587
003 WaSeSS
005 20200512172242.0
006 m d
007 cr n
008 041129c20049999enkbr p s 0 0eng c
010 |a  2008238222 
015 |a GBA549628  |2 bnb 
015 |a GBA549628.  |2 bnb 
016 7 |a 012921204  |2 Uk 
022 |l 1744-2532  |y 1744-2532 
035 |a (WaSeSS)ssj0000547587 
037 |b Adonis & Abbey Publishers, Ltd., P.O. Box 43418, London, SE11 4XZ 
040 |a EQO  |b eng  |c EQO  |d UIU  |d EEM  |d IUL  |d OCLCQ  |d HLS  |d UKMGB  |d OCLCQ  |d OCLCO  |d OCLCF  |d OCLCO  |d L2U  |d OCLCQ  |d LTU  |d OCLCQ  |d JDP  |d OCLCO  |d NLW  |d WaSeSS 
042 |a pcc 
043 |a f------ 
050 1 4 |a DT1  |b .A2283 
222 0 |a African renaissance 
245 0 0 |a African renaissance  |h [electronic resource]. 
246 3 |a AR 
260 |a London :  |b Adonis & Abbey,  |c ©2004- 
310 |a Bimonthly 
362 0 |a Vol. 1, no. 1 (June/July 2004)- 
500 |a Issues also have thematic titles. 
506 |a License restrictions may limit access. 
588 |a Latest issue consulted: Vol. 5, no. 2 (2008). 
650 4 |a Social sciences  |v periodicals. 
651 0 |a Africa  |v Periodicals. 
651 7 |a Africa.  |2 fast  |0 (OCoLC)fst01239509 
655 0 |a Electronic journals. 
853 2 0 |8 1  |a v.  |b no.  |u 6  |v r  |i (year)  |j (month/month)  |w b 
856 4 0 |z Full text available from Research Library: 01/01/2016 to present  |u https://search.proquest.com/publication/2044838 
863 4 1 |8 1.1  |a 1  |b 1  |i 2004  |j 06/07